000 00773nam a22002417a 4500
005 20140313100410.0
008 140109b xxu||||| |||| 00| 0 eng d
020 _a9781448855186
050 _aBF 637.N66
_b.So699 2012
100 _aSonneborn, Liz.
245 _aNonverbal communication :
_bthe art of body language /
_cLiz Sonneborn.
250 _a1st ed.
260 _aNew York :
_bRosen Pub.,
_c 2012.
300 _a80 p. :
_bcol. ill. ;
_c24 cm.
440 _aCommunicating with confidence
504 _aIncludes Bibliographic References and Index.
521 _aMC
650 _aBody language
_xJuvenile literature.
650 _aNonverbal communication
_xJuvenile literature.
650 _aBody language.
942 _2lcc
_cBK
_kFOR
999 _c25975
_d25975